Prezydenci Polski - nagła śmierć - Statystyki

Ogólne statystyki
  • Ten quiz został rozwiązany 252 razy
    95 od ostatniego zresetowania
  • Średni wynik to 7 z 7
Answers on the Grid
Answers color-coded by a green-red scale on the quiz's grid according to % correct below.
Andrzej Duda
Andrzej Lepper
Karol Nawrocki
Jarosław Kaczyński
Donald Tusk
Aleksander Kwaśniewski
Sławomir Mentzen
Grzegorz Braun
Bronisław Komorowski
Ryszard Kalisz
Lech Wałęsa
Radosław Sikorski
Robert Biedroń
Antoni Macierewicz
Wojciech Jaruzelski
Grzegorz Napieralski
Lech Kaczyński
Jacek Sutryk
Tadeusz Cymański
Szymon Hołownia
 
Statystyki odpowiedzi
Odpowiedź % Poprawnych
Andrzej Duda
100%
Karol Nawrocki
99%
Aleksander Kwaśniewski
93%
Lech Kaczyński
91%
Lech Wałęsa
91%
Wojciech Jaruzelski
91%
Bronisław Komorowski
89%
Nie znaleziono quizów pasujących do podanych kryteriów
Rozkład punktacji
Procent ludzi z każdym wynikiem
Percentyl według liczby udzielonych odpowiedzi
Twoja historia wyników
Nie rozwiązałeś tego quizu od ostatniego zresetowania